| 000 | 00983nas a2200313 4500 | ||
|---|---|---|---|
| 001 | BR0304602 | ||
| 003 | BR-BrBNA | ||
| 005 | 20231205104054.0 | ||
| 007 | ta | ||
| 008 | 230509b bl.|||p| |||| 00| 00por d | ||
| 040 |
_aBR-BrBNA _bpor _cBiblioteca Nacional de Agricultura |
||
| 041 | _a(Pt) | ||
| 072 | _aF60 | ||
| 100 | 1 | _aCastellón, R.E.R. | |
| 100 | 1 | _aAraújo, F.M.M.C. de | |
| 100 | 1 | _aRamos, M.V. | |
| 100 | 1 | _aAndrade Neto, M. | |
| 100 | 1 | _aFreire Filho, F.R. | |
| 100 | 1 | _aGrangeiro, T.B. | |
| 100 | 1 | _aCavada, B.S. | |
| 245 | 1 | _aComposição elementar e caracterização da fração lipídica de seis cultivares de caupi | |
| 650 | _aFEIJÃO DE CORDA | ||
| 650 | _aCROMATOGRAFIA | ||
| 650 | _aLIPÍDIO | ||
| 650 | _aCOMPOSIÇÃO QUÍMICA | ||
| 773 | 0 |
_tRevista Brasileira de Engenharia Agrícola e Ambiental (Brazil) _xISSN 1415-4366 _g(Jan-Apr 2003), v. 7(1) p. 149-153 _wBR0304602 |
|
| 909 |
_a202311 _bLúcia _c55 _dLúcia Elande |
||
| 942 |
_2AGRIS _n0 _cANA |
||
| 999 |
_c176203 _d176203 |
||